| 000 | 00654nam a2200217Ia 4500 | ||
|---|---|---|---|
| 005 | 20250508161736.0 | ||
| 008 | 008 250505s9999 xx 000 0 eng d | ||
| 037 | _aTextual | ||
| 040 |
_aFEDL _beng _cFEDL |
||
| 041 |
_aeng _2eng |
||
| 084 |
_a157.9, SUN _qFEDL |
||
| 100 | _aSundberg Norman D. | ||
| 245 | 0 | _aClinical psychology: An introduction tl research and practice | |
| 260 |
_aLondon, UK _bMethuen and Co. Ltd. _c1962 |
||
| 300 | _axviii,564p | ||
| 490 | _aThe Century psychology series | ||
| 650 | _aAbnormal psychology | ||
| 700 |
_a Tyler Leona E. _9771479 |
||
| 942 |
_cTEXL _h157.9, SUN |
||
| 999 |
_c1371832 _d1371832 |
||